000 00679nam a2200205Ia 4500
003 GCL
005 20240530103402.0
008 140319s9999 xx 000 0 ara d
040 _aGCL /
_cGCL
082 0 4 _a627.3
_bا هـ
100 1 _aاسلام محمود ابراهيم
245 1 0 _aهندسة الموانئ /
_cاسلام محمود ابراهيم
250 _aالاولى
260 _aالاردن :
_bمكتبة المجتمع العربى للنشر والتوزيع ،
_c2005
300 _a302 ص ؛
_c24 سم
650 0 4 _aالموانئ - تشييد
650 0 4 _aالموانئ - مبانى
650 0 4 _aالموانئ - ارصفة
942 _2ddc
_cBK
999 _c38984
_d38984